| 000 | 01204nam a22003137a 4500 | ||
|---|---|---|---|
| 001 | 14 | ||
| 003 | FISKH | ||
| 005 | 20230220170348.0 | ||
| 008 | 230220b cb ||||| |||| 00| 0 eng d | ||
| 020 | _a0958340579 | ||
| 040 |
_aFISKH _cFISKH _beng _dFISKH |
||
| 050 |
_aPZ7 _b.L326 1995 |
||
| 082 | _a796.42082 | ||
| 100 |
_aLasenby, Jack. _d1931-2019 |
||
| 245 |
_aThe waterfall _cJack Lasenby |
||
| 260 |
_aDunedin _bLongacre Press _c1996 |
||
| 300 |
_a192 p. _bmap _c19 cm. |
||
| 500 | _a"Stand-alone sequel to Dead man's head"--Back cover. | ||
| 500 | _a"Published with the assistance of Creative New Zealand"--T.p. verso. | ||
| 520 | _aThe Seddon Street gang are back. Denny, Polly, Bob, Pete and Joe have been packed off to Uncle Ted's farm. There's plenty to do: riding horses; avoiding the ferocious bull; spying on swaggers; getting lost. But the gang discover something going on in the dark of the bush. | ||
| 521 |
_a670 _bFISKH |
||
| 521 |
_a Q _bRaz-Paz |
||
| 586 | _aAIM Children's Book Awards, Junior Fiction Winner 1996 | ||
| 650 |
_aCountry life _zNew Zealand fiction |
||
| 650 | _aAdventure stories | ||
| 650 | _aRural life | ||
| 650 | _aManners and customs | ||
| 942 |
_2ddc _cBK _n0 |
||
| 999 |
_c14 _d14 |
||